000 00509nam a2200181Ia 4500
999 _c34579
_d34579
003 OSt
005 20200825125725.0
008 190216s9999||||xx |||||||||||||| ||und||
020 _a9788131505984
040 _coclc
082 _a539
_bTHO/M
100 _aThornton, Stephen T
_94336
245 0 _aModern Physics /
_cStephen T Thornton ; Andrew Rex
260 _bCengage Learning,
_c2008.
_aDelhi:
300 _a645p
650 _aPhysics
942 _cBK
_2ddc
_h539
_iTHO/M
_k539
_mTHO/M